Elektronika Měsičník pro elektronizaci národního hospodářství

Saved in:
Bibliographic Details
Format: Serial
Language:Czech
Published: Praha Fed. min. elektrotechn. prům. 1987
Tags: Add Tag
No Tags, Be the first to tag this record!

MARC

LEADER 00000nas2a2200000 4500
001 s023254
005 20250730114131.5
041 0 |a cze 
044 |a CZ 
245 1 0 |a Elektronika  |b Měsičník pro elektronizaci národního hospodářství 
264 1 |a Praha  |b Fed. min. elektrotechn. prům.  |c 1987 
300 |a 1 zv. 
773 0 |w eu_un_cat*s120671